| 000 | 004270000a22001690004500 | ||
|---|---|---|---|
| 003 | MACL | ||
| 005 | 20151227130912.0 | ||
| 008 | 151227b xxu||||| |||| 00| 0 eng d | ||
| 040 |
_aMACL _cMACL |
||
| 041 | _aEnglish | ||
| 082 | _a020/FRA | ||
| 100 |
_aGraham, Buck _923164 |
||
| 245 | _aAudels new electric Library | ||
| 260 |
_bTheo. Audel & Co. _c1954 |
||
| 650 |
_aLibrary & information _923165 |
||
| 942 |
_cBK _k020/Gra _2ddc |
||
| 999 |
_c35061 _d35061 |
||